000 00621cam a22002293a 4500
001 13862
003 PGUSA
005 20140828083310.0
008 041025s2004||||xxu|||||s|||||000 | eng d
040 _aPGUSA
_beng
042 _adc
050 4 _aPQ
100 1 _aDiderot, Denis,
_d1713-1784
245 1 0 _aLe neveu de Rameau
_h[electronic resource] /
_cDenis Diderot
260 _bProject Gutenberg,
_c2004
506 _aPublic domain in the USA.
516 _aElectronic text
653 _aDialogues, French
830 0 _aProject Gutenberg
_v13862
856 4 0 _uhttp://www.gutenberg.org/ebooks/13862
942 _cEB
999 _c243117
_d243117